Fundamentals of wireless sensor networks : theory and practice (Record no. 11724)

000 -LEADER
fixed length control field 01074cam a2200289 a 4500
001 - CONTROL NUMBER
control field 16099486
005 - DATE AND TIME OF LATEST TRANSACTION
control field 20170105102347.0
008 - FIXED-LENGTH DATA ELEMENTS--GENERAL INFORMATION
fixed length control field 100222s2010 enka b 001 0 eng
010 ## - LIBRARY OF CONGRESS CONTROL NUMBER
LC control number 2010003984
020 ## - INTERNATIONAL STANDARD BOOK NUMBER
International Standard Book Number 9780470997659 (cloth)
020 ## - INTERNATIONAL STANDARD BOOK NUMBER
International Standard Book Number 0470997656 (cloth)
040 ## - CATALOGING SOURCE
Original cataloging agency DLC
Transcribing agency DLC
Modifying agency DLC
042 ## - AUTHENTICATION CODE
Authentication code pcc
050 00 - LIBRARY OF CONGRESS CALL NUMBER
Classification number TK7872.D48
Item number D37 2010
082 00 - DEWEY DECIMAL CLASSIFICATION NUMBER
Classification number 681.2
Edition number 22
100 1# - MAIN ENTRY--PERSONAL NAME
Personal name Dargie, Waltenegus.
245 10 - TITLE STATEMENT
Title Fundamentals of wireless sensor networks : theory and practice
Remainder of title theory and practice
Statement of responsibility, etc. Waltenegus Dargie, Christian Poellabauer.
260 ## - PUBLICATION, DISTRIBUTION, ETC.
Place of publication, distribution, etc. Chichester, West Sussex, U.K. ;
-- Hoboken, NJ :
Name of publisher, distributor, etc. Wiley,
Date of publication, distribution, etc. 2010.
300 ## - PHYSICAL DESCRIPTION
Extent xviii, 311 p. :
Other physical details ill. ;
Dimensions 25 cm.
490 0# - SERIES STATEMENT
Series statement Wiley series on wireless communications and mobile computing
504 ## - BIBLIOGRAPHY, ETC. NOTE
Bibliography, etc. note Includes bibliographical references and index.
650 #0 - SUBJECT ADDED ENTRY--TOPICAL TERM
Topical term or geographic name entry element Wireless sensor networks.
700 1# - ADDED ENTRY--PERSONAL NAME
Personal name Poellabauer, Christian.
906 ## - LOCAL DATA ELEMENT F, LDF (RLIN)
a 7
b cbc
c orignew
d 1
e ecip
f 20
g y-gencatlg
942 ## - ADDED ENTRY ELEMENTS (KOHA)
Source of classification or shelving scheme
Koha item type Book
Holdings
Withdrawn status Lost status Damaged status Not for loan Collection code Permanent Location Current Location Shelving location Date acquired Source of acquisition Cost, normal purchase price Total Checkouts Full call number Barcode Date last seen Date last checked out Price effective from Koha item type
          Central Library (CL) Central Library (CL) General Stacks 04/09/2013 Progressive International Agencies 9926.51 2 681.2 DAR SEECS012219 03/28/2016 03/24/2016 04/15/2013 Book
© 2023 Central Library, National University of Sciences and Technology. All Rights Reserved.